000 00337nam a2200145Ia 4500
008 230718s9999 xx 000 0 und d
041 _aEng.
082 _a349.5491
_bM.M-I
100 _am.mehmood
245 0 _ainterpertion of status
260 _aPakistan
_bAl qanoon publisher
_c2021
300 _a626
650 _aLaw
999 _c33039
_d33039